| 000 | 007800000a22001930004500 | ||
|---|---|---|---|
| 041 | 0 | _aSPA | |
| 082 | 0 | 4 | _aG 136.7 B5651n |
| 100 | 1 | _aBettelheim, Bruno | |
| 245 | 1 | 0 | _aLos niños del sueño : La crianza infantil comunitaria en Israel y la educación norteamericana / Bruno Bettelheim ; Andrés Martínez Corzos,Traductor |
| 260 | _aMéxico : Siglo Veintiuno | ||
| 300 | _a274 Pag. | ||
| 505 | 0 | 0 | _aun experimento con la naturaleza -- la infancia y la niñez -- la edad de la latencia --adolescencia -- los resultados de la educación en el Kibutz -- su modelo y el nuestro |
| 650 | 1 | 4 | _aEDUCACION - ESTUDIO DE CASOS - KIBBUTZ |
| 001 | 662 | ||
| 942 | _cBK | ||
| 999 |
_c32144 _d32144 |
||
| 336 |
_atexto _btxt _2rdacontent |
||
| 337 |
_2rdamedia _asin mediación _bn |
||
| 338 |
_2rdacarrier _avolumen _bnc |
||